Normal view
MARC view
- Gulick, Denny
Entry Personal Name
001 - CONTROL NUMBER
- control field: 39209
003 - CONTROL NUMBER IDENTIFIER
- control field: NUST
005 - DATE AND TIME OF LATEST TRANSACTION
- control field: 20210314131352.0
008 - FIXED-LENGTH DATA ELEMENTS
- fixed length control field: 210314|| aca||aabn | a|a d
040 ## - CATALOGING SOURCE
- Original cataloging agency: NUST
- Transcribing agency: NUST
100 ## - HEADING--PERSONAL NAME
- Personal name: Gulick, Denny
670 ## - SOURCE DATA FOUND
- Source citation: Work cat.: (NUST): Ellis, Robert, 31881, Calculus with analytic geometry /, c1994.
